[Event "Regionalliga SO 0304"]
[Site "Bayern"]
[Date "2004.02.15"]
[Round "6.5"]
[White "Reischl, Markus"]
[Black "Klein, Josef Michael"]
[Result "1/2-1/2"]
[WhiteElo "2062"]
[BlackElo "2072"]
[PlyCount "112"]
[EventDate "2003.10.??"]
[EventType "team-tourn"]
[EventRounds "9"]
[EventCountry "GER"]
[SourceTitle "EXT 2006"]
[Source "ChessBase"]
[SourceDate "2005.11.24"]
[SourceVersion "1"]
[SourceVersionDate "2005.11.24"]
[SourceQuality "1"]
[WhiteTeam "Ilmmuenster"]
[BlackTeam "Fuerstenfeldbruck"]
[WhiteTeamCountry "GER"]
[BlackTeamCountry "GER"]

1. d4 d5 2. c4 e6 3. Nc3 Nf6 4. Nf3 c6 5. e3 Nbd7 6. Bd3 dxc4 7. Bxc4 b5 8. Bd3 a6 9. 0-0 c5 10. dxc5 Nxc5 11. Bc2 Bb7 12. b4 Nce4 13. Nxe4 Bxe4 14. Bxe4 Qxd1 15. Rxd1 Nxe4 16. Bb2 Bxb4 17. Bxg7 Rg8 18. Bb2 Rc8 19. Rac1 Bc3 20. Nd2 Nxd2 21. Rxd2 b4 22. Rdc2 Ke7 23. Bxc3 Rxc3 24. Rxc3 bxc3 25. Rxc3 Rb8 26. g3 Rb2 27. Ra3 Rb6 28. g4 Kf6 29. Kg2 Kg6 30. f4 h5 31. g5 e5 32. Kf3 f5 33. gxf6 exf4 34. Kxf4 Kxf6 35. h4 Rc6 36. Ra5 Kg6 37. Rg5+ Kh6 38. e4 Rc2 39. Ra5 Rc6 40. Kf5 Kg7 41. e5 Kf7 42. Ra4 Ke7 43. Rb4 Rc2 44. Rb7+ Kf8 45. Kf6 Rf2+ 46. Ke6 Rxa2 47. Rf7+ Kg8 48. Rd7 a5 49. Ke7 a4 50. e6 a3 51. Rd1 Rb2 52. Rg1+ Kh7 53. Kf7 Rf2+ 54. Ke8 a2 55. e7 Rh2 56. Kd8 Rd2+ 1/2-1/2

[Event "Regionalliga SO 0203"]
[Site "Bayern"]
[Date "2003.01.12"]
[Round "4.6"]
[White "Peitsch, Sebastian"]
[Black "Klein, Josef Michael"]
[Result "0-1"]
[WhiteElo "1904"]
[BlackElo "2089"]
[PlyCount "75"]
[EventDate "2002.10.20"]
[EventType "team-tourn"]
[EventRounds "9"]
[EventCountry "GER"]
[SourceTitle "EXT 2004"]
[Source "ChessBase"]
[SourceDate "2003.11.25"]
[SourceVersion "1"]
[SourceVersionDate "2003.11.25"]
[SourceQuality "1"]
[WhiteTeam "Freyung"]
[BlackTeam "Fuerstenfeldbruck"]
[WhiteTeamCountry "GER"]
[BlackTeamCountry "GER"]

1. e4 c5 2. Nf3 d6 3. d4 cxd4 4. Nxd4 Nf6 5. Nc3 e6 6. Be3 Be7 7. f3 a6 8. g4 Qc7 9. Qd2 Nc6 10. g5 Nd7 11. f4 b5 12. f5 Nde5 13. 0-0-0 Nxd4 14. Qxd4 Bd7 15. Be2 Qc5 16. Qd2 Qc7 17. Bd4 b4 18. fxe6 fxe6 19. Nb1 0-0 20. Bxe5 dxe5 21. h4 Rad8 22. Bd3 Bc5 23. Rhf1 Rf4 24. Qh2 Qa5 25. Bc4 Be3+ 26. Nd2 Bc8 27. Qh3 Rxf1 28. Qxf1 b3 29. c3 bxa2 30. Kc2 Rxd2+ 31. Rxd2 Bxd2 32. Qf5 Qb6 33. Bxa2 Bf4 34. g6 hxg6 35. Qxg6 Bd7 36. Bc4 Qf2+ 37. Kb1 Qb6 38. h5 0-1

[Event "Regionalliga SO 0203"]
[Site "Bayern"]
[Date "2002.12.15"]
[Round "3.6"]
[White "Jergler, Karl Heinz"]
[Black "Klein, Josef Michael"]
[Result "1-0"]
[WhiteElo "2089"]
[BlackElo "2078"]
[PlyCount "49"]
[EventDate "2002.10.20"]
[EventType "team-tourn"]
[EventRounds "9"]
[EventCountry "GER"]
[SourceTitle "EXT 2004"]
[Source "ChessBase"]
[SourceDate "2003.11.25"]
[SourceVersion "1"]
[SourceVersionDate "2003.11.25"]
[SourceQuality "1"]
[WhiteTeam "Dorfen"]
[BlackTeam "Fuerstenfeldbruck"]
[WhiteTeamCountry "GER"]
[BlackTeamCountry "GER"]

1. e4 c5 2. d4 cxd4 3. c3 d5 4. exd5 Qxd5 5. cxd4 Nc6 6. Nf3 Bg4 7. Nc3 Qa5 8. d5 0-0-0 9. Bd2 Nb4 10. Rc1 Kb8 11. Bc4 e5 12. a3 Na6 13. Na4 Nb4 14. axb4 Bxb4 15. Qb3 Bxd2+ 16. Nxd2 Nf6 17. Nc3 Rd6 18. 0-0 Rb6 19. Qc2 Rc8 20. b3 Nh5 21. Qe4 Rg6 22. Qxe5+ Ka8 23. Nde4 f6 24. Qd4 Nf4 25. Ng3 1-0

[Event "Landesliga Sued 0102"]
[Site "Bayern"]
[Date "2002.04.28"]
[Round "9.6"]
[White "Hock, Martin"]
[Black "Klein, Josef Michael"]
[Result "1-0"]
[WhiteElo "2075"]
[BlackElo "2065"]
[PlyCount "121"]
[EventDate "2001.10.07"]
[EventType "team-tourn"]
[EventRounds "9"]
[EventCountry "GER"]
[SourceTitle "EXT 2003"]
[Source "ChessBase"]
[SourceDate "2002.11.25"]
[SourceVersion "1"]
[SourceVersionDate "2002.11.25"]
[SourceQuality "1"]
[WhiteTeam "Graefelfing"]
[BlackTeam "Fuerstenfeldbruck"]
[WhiteTeamCountry "GER"]
[BlackTeamCountry "GER"]

1. Nf3 d5 2. d4 Nf6 3. Bf4 c6 4. c3 Bf5 5. e3 e6 6. Bd3 Be7 7. Qc2 Bxd3 8. Qxd3 0-0 9. Nbd2 Nbd7 10. 0-0 Nh5 11. Rfe1 g5 12. g4 Ng7 13. Bg3 f5 14. h3 Qe8 15. Kg2 Qg6 16. Qe2 Bf6 17. Rh1 Rae8 18. Raf1 Rf7 19. Bd6 h5 20. Ne5 Bxe5 21. dxe5 f4 22. Re1 h4 23. e4 Kh7 24. Nf3 Kh6 25. c4 dxe4 26. Qxe4 Nb6 27. b3 Rd8 28. a4 Rfd7 29. a5 Nc8 30. c5 Ne7 31. Qxg6+ Kxg6 32. a6 Nd5 33. Nd4 Rc8 34. Ra1 bxa6 35. Rxa6 Nb4 36. Ra4 Rb7 37. Kf3 Kf7 38. Rha1 a6 39. Ke4 Ne8 40. Rc1 Nxd6+ 41. exd6 Kf6 42. Rc4 a5 43. Rxa5 e5 44. Nf3 Nd5 45. Nd2 Ke6 46. f3 Rcb8 47. Kd3 Rxb3+ 48. Nxb3 Rxb3+ 49. Ke2 Rb2+ 50. Ke1 Ne3 51. Rc3 Rb7 52. Ra6 Kd7 53. Ke2 Nd5 54. Rca3 Rb2+ 55. Ke1 Nb4 56. Ra7+ Ke6 57. Re7+ Kf6 58. Ra8 Nd3+ 59. Kf1 Nxc5 60. Rf8+ Kg6 61. d7 1-0

[Event "Landesliga Sued 0102"]
[Site "Bayern"]
[Date "2002.01.20"]
[Round "4.8"]
[White "Klein, Josef Michael"]
[Black "Caspers, Christian"]
[Result "1/2-1/2"]
[WhiteElo "2065"]
[BlackElo "2050"]
[PlyCount "33"]
[EventDate "2001.10.07"]
[EventType "team-tourn"]
[EventRounds "9"]
[EventCountry "GER"]
[SourceTitle "EXT 2003"]
[Source "ChessBase"]
[SourceDate "2002.11.25"]
[SourceVersion "1"]
[SourceVersionDate "2002.11.25"]
[SourceQuality "1"]
[WhiteTeam "Fuerstenfeldbruck"]
[BlackTeam "Muenchen Siemens"]
[WhiteTeamCountry "GER"]
[BlackTeamCountry "GER"]

1. d4 Nf6 2. Bf4 g6 3. e3 Bg7 4. Be2 c5 5. c3 cxd4 6. exd4 d5 7. Nd2 Nc6 8. h3 0-0 9. Ngf3 Re8 10. Ne5 Nd7 11. Nxd7 Bxd7 12. Qb3 e5 13. Bxe5 Nxe5 14. dxe5 Bc6 15. 0-0 Bxe5 16. Bb5 Bc7 17. Nf3 1/2-1/2

[Event "Landesliga Sued 9900"]
[Site "Bayern"]
[Date "2000.04.09"]
[Round "9.5"]
[White "Wagner, Hans2"]
[Black "Klein, Josef Michael"]
[Result "1/2-1/2"]
[WhiteElo "2376"]
[BlackElo "2065"]
[PlyCount "54"]
[EventDate "1999.10.10"]
[EventType "team-tourn"]
[EventRounds "9"]
[EventCountry "GER"]
[SourceTitle "EXT 2020"]
[Source "ChessBase"]
[SourceDate "2019.10.17"]
[SourceVersion "1"]
[SourceVersionDate "2019.10.17"]
[SourceQuality "1"]
[WhiteTeam "Pfarrkirchen SC"]
[BlackTeam "Fuerstenfeldbruck TuS"]
[WhiteTeamCountry "GER"]
[BlackTeamCountry "GER"]

1. c4 e5 2. Nc3 Nf6 3. g3 Bb4 4. Bg2 0-0 5. Nf3 Re8 6. 0-0 e4 7. Nd4 Nc6 8. Nc2 Bxc3 9. dxc3 d6 10. Ne3 Ne5 11. b3 Neg4 12. Nd5 Nxd5 13. cxd5 Qf6 14. h3 Nh6 15. Qc2 Qg6 16. Be3 Qh5 17. Bxh6 Qxh6 18. h4 Bf5 19. Rad1 Re5 20. e3 g5 21. hxg5 Qxg5 22. Rd4 Rae8 23. Kh2 h5 24. Rh1 h4 25. gxh4 Qxh4+ 26. Kg1 Qg5 27. Kf1 Kf8 1/2-1/2

[Event "Landesliga Sued 9900"]
[Site "Bayern"]
[Date "1999.12.12"]
[Round "3.5"]
[White "Loos, Stephan"]
[Black "Klein, Josef Michael"]
[Result "1/2-1/2"]
[WhiteElo "2005"]
[BlackElo "2065"]
[PlyCount "91"]
[EventDate "1999.10.10"]
[EventType "team-tourn"]
[EventRounds "9"]
[EventCountry "GER"]
[SourceTitle "EXT 2020"]
[Source "ChessBase"]
[SourceDate "2019.10.17"]
[SourceVersion "1"]
[SourceVersionDate "2019.10.17"]
[SourceQuality "1"]
[WhiteTeam "Muenchen FC Bayern II"]
[BlackTeam "Fuerstenfeldbruck TuS"]
[WhiteTeamCountry "GER"]
[BlackTeamCountry "GER"]

1. d4 d5 2. c4 e6 3. Nc3 Nf6 4. cxd5 exd5 5. Bg5 c6 6. e3 Nbd7 7. Bd3 Be7 8. Qc2 h6 9. Bh4 0-0 10. Nge2 Re8 11. f3 Nf8 12. 0-0 c5 13. Bf2 c4 14. Bf5 g6 15. Bxc8 Rxc8 16. Kh1 Ne6 17. Bg1 Qd7 18. e4 b5 19. e5 Nh7 20. f4 Ng7 21. Ng3 Bh4 22. f5 Bxg3 23. fxg6 fxg6 24. hxg3 b4 25. Ne2 Qg4 26. Rf4 Qh5+ 27. Bh2 Ne6 28. Rf3 Qg4 29. Raf1 Rf8 30. Qd2 Nhg5 31. Rxf8+ Rxf8 32. Rxf8+ Nxf8 33. Nf4 Ne4 34. Qe1 c3 35. bxc3 bxc3 36. Nxd5 Qd1 37. Qxd1 Nf2+ 38. Kg1 Nxd1 39. Nb4 Ne3 40. Kf2 Ng4+ 41. Ke2 Nxh2 42. Kd3 Kf7 43. d5 Ng4 44. e6+ Nxe6 45. dxe6+ Kxe6 46. Kxc3 1/2-1/2

[Event "Landesliga Sued 9900"]
[Site "Bayern"]
[Date "1999.10.10"]
[Round "1.6"]
[White "Kaunzinger, Albert"]
[Black "Klein, Josef Michael"]
[Result "1/2-1/2"]
[WhiteElo "2155"]
[BlackElo "2065"]
[PlyCount "46"]
[EventDate "1999.10.10"]
[EventType "team-tourn"]
[EventRounds "9"]
[EventCountry "GER"]
[SourceTitle "EXT 2020"]
[Source "ChessBase"]
[SourceDate "2019.10.17"]
[SourceVersion "1"]
[SourceVersionDate "2019.10.17"]
[SourceQuality "1"]
[WhiteTeam "Groebenzell"]
[BlackTeam "Fuerstenfeldbruck TuS"]
[WhiteTeamCountry "GER"]
[BlackTeamCountry "GER"]

1. Nc3 d5 2. e4 c6 3. d4 g6 4. Nf3 Bg7 5. Bd3 Bg4 6. exd5 cxd5 7. h3 Bxf3 8. Qxf3 e6 9. Bf4 a6 10. 0-0-0 Nc6 11. Rhe1 Nge7 12. Be5 Nxe5 13. dxe5 Qa5 14. Kb1 0-0 15. Qg4 Nc6 16. f4 Rfc8 17. Qe2 Bf8 18. f5 exf5 19. e6 Re8 20. Bxf5 fxe6 21. Bxe6+ Kh8 22. Rxd5 Qb6 23. Rd7 Bg7 1/2-1/2

[Event "Regionalliga SO 9899"]
[Site "Bayern"]
[Date "1999.??.??"]
[Round "8.4"]
[White "Klein, Josef Michael"]
[Black "Knechtel, Roland"]
[Result "1-0"]
[WhiteElo "2060"]
[BlackElo "2130"]
[PlyCount "87"]
[EventDate "1998.??.??"]
[EventType "team-tourn"]
[EventRounds "9"]
[EventCountry "GER"]
[SourceTitle "EXT 2020"]
[Source "ChessBase"]
[SourceDate "2019.10.17"]
[SourceVersion "1"]
[SourceVersionDate "2019.10.17"]
[SourceQuality "1"]
[WhiteTeam "Fuerstenfeldbruck TuS"]
[BlackTeam "Waldkirchen TSV"]
[WhiteTeamCountry "GER"]
[BlackTeamCountry "GER"]

1. c4 e6 2. d4 d5 3. Nc3 Nf6 4. Bg5 Nbd7 5. cxd5 exd5 6. e3 c6 7. Bd3 Be7 8. Nge2 0-0 9. 0-0 Re8 10. Ng3 h6 11. Bxf6 Nxf6 12. Rc1 g6 13. Re1 Bd6 14. Qc2 Kg7 15. Nf1 Nh5 16. f3 Qg5 17. Qf2 f5 18. Kh1 Bd7 19. f4 Qe7 20. Nd2 Nf6 21. Nf3 Ne4 22. Bxe4 dxe4 23. Ne5 Be6 24. Rg1 Kh7 25. Rgd1 Rac8 26. b3 Rg8 27. g3 Rgd8 28. Qf1 Kg7 29. Qe2 Bg8 30. g4 Bxe5 31. fxe5 Kh7 32. gxf5 gxf5 33. Rg1 Bf7 34. Rcf1 Bg6 35. Qg2 Rg8 36. Qh3 Rcf8 37. Ne2 Rg7 38. Nf4 Qe8 39. Rg5 Qf7 40. Rfg1 Rfg8 41. R1g3 Kh8 42. Qxh6+ Bh7 43. e6 Qe7 44. Qxh7+ 1-0

[Event "Regionalliga SO 9899"]
[Site "Bayern"]
[Date "1999.??.??"]
[Round "4.4"]
[White "Klein, Josef Michael"]
[Black "Moser, Wolfgang"]
[Result "1/2-1/2"]
[WhiteElo "2055"]
[BlackElo "1758"]
[PlyCount "72"]
[EventDate "1998.??.??"]
[EventType "team-tourn"]
[EventRounds "9"]
[EventCountry "GER"]
[SourceTitle "EXT 2020"]
[Source "ChessBase"]
[SourceDate "2019.10.17"]
[SourceVersion "1"]
[SourceVersionDate "2019.10.17"]
[SourceQuality "1"]
[WhiteTeam "Fuerstenfeldbruck TuS"]
[BlackTeam "Trostberg TSV"]
[WhiteTeamCountry "GER"]
[BlackTeamCountry "GER"]

1. d4 Nf6 2. Nf3 g6 3. g3 Bg7 4. Bg2 0-0 5. 0-0 d5 6. Nbd2 c6 7. c3 Bf5 8. Qb3 Qb6 9. Re1 Nbd7 10. Nh4 Be6 11. Qxb6 Nxb6 12. e4 dxe4 13. Nxe4 Nxe4 14. Bxe4 Rad8 15. Bc2 Bf6 16. Ng2 Nd5 17. Nf4 Nxf4 18. Bxf4 Kg7 19. Kg2 h5 20. h4 Bd5+ 21. f3 Rd7 22. Bb3 b5 23. Be5 a5 24. Bxf6+ Kxf6 25. Re2 a4 26. Bxd5 Rxd5 27. b4 Re8 28. Rae1 e6 29. Kf2 Rg8 30. f4 Ke7 31. Kf3 Kd6 32. Re5 Re8 33. R5e3 Rf5 34. Ke4 f6 35. Kd3 Kd5 36. R1e2 Re7 1/2-1/2

[Event "Regionalliga SO 9798"]
[Site "Bayern"]
[Date "1998.??.??"]
[Round "?.6"]
[White "Klein, Josef Michael"]
[Black "Knollmueller, Peter"]
[Result "1/2-1/2"]
[WhiteElo "2057"]
[BlackElo "1935"]
[PlyCount "54"]
[EventDate "1997.10.19"]
[EventType "team-tourn"]
[EventRounds "9"]
[EventCountry "GER"]
[SourceTitle "EXT 2020"]
[Source "ChessBase"]
[SourceDate "2019.10.17"]
[SourceVersion "1"]
[SourceVersionDate "2019.10.17"]
[SourceQuality "1"]
[WhiteTeam "Fuerstenfeldbruck TuS"]
[BlackTeam "Deggendorf"]
[WhiteTeamCountry "GER"]
[BlackTeamCountry "GER"]

1. d4 Nf6 2. Bf4 e6 3. e3 d5 4. Nd2 Bd6 5. Bd3 c5 6. Bxd6 Qxd6 7. c3 Nc6 8. f4 Bd7 9. a3 a5 10. Qe2 c4 11. Bc2 b5 12. Ngf3 Rb8 13. 0-0 b4 14. axb4 axb4 15. Ne5 b3 16. Nxc6 Qxc6 17. Bb1 Ra8 18. Rxa8+ Qxa8 19. Nf3 0-0 20. Ne5 Bb5 21. f5 Qc8 22. Qf2 Bd7 23. fxe6 fxe6 24. Qh4 h6 25. Qg3 Be8 26. Ng6 Bxg6 27. Qxg6 Qd7 1/2-1/2

[Event "Regionalliga SO 9697"]
[Site "Bayern"]
[Date "1996.12.03"]
[Round "3"]
[White "Klein, Josef Michael"]
[Black "Zankl, Thomas"]
[Result "1-0"]
[WhiteElo "2080"]
[BlackElo "1815"]
[PlyCount "86"]
[EventDate "1996.10.13"]
[EventType "team-tourn"]
[EventRounds "9"]
[EventCountry "GER"]
[SourceTitle "EXT 1999"]
[Source "ChessBase"]
[SourceDate "1998.11.16"]
[SourceVersion "1"]
[SourceVersionDate "1998.11.16"]
[SourceQuality "1"]
[WhiteTeam "Fuerstenfeldbruck TuS"]
[BlackTeam "Pfarrkirchen SC"]
[WhiteTeamCountry "GER"]
[BlackTeamCountry "GER"]

1. e4 c5 2. Nc3 Nc6 3. f4 d6 4. Nf3 g6 5. Bc4 Bg7 6. 0-0 Na5 7. Bb5+ Bd7 8. Bxd7+ Qxd7 9. d3 Nf6 10. Qe1 0-0 11. e5 Ne8 12. Ne4 Nc6 13. exd6 exd6 14. c3 b6 15. Bd2 Nf6 16. Qh4 Nxe4 17. dxe4 Qe7 18. Qh3 Rad8 19. Rae1 Qd7 20. Qh4 Qe7 21. Qh3 Qd7 22. g4 d5 23. e5 d4 24. f5 Rfe8 25. e6 fxe6 26. fxg6 h6 27. Ng5 Re7 28. Nf7 Rf8 29. g5 Rfxf7 30. gxf7+ Rxf7 31. gxh6 Bh8 32. Qg4+ Kf8 33. Rxf7+ Kxf7 34. Bg5 dxc3 35. Qh5+ Kg8 36. Qg6+ Bg7 37. Qxg7+ Qxg7 38. hxg7 cxb2 39. Bf6 e5 40. h4 Nd4 41. Kf2 Nf5 42. Bxe5 Nxg7 43. Bxg7 Kxg7 1-0